000 00910nam a22002537a 4500
005 20180308122849.0
010 _aENG-109784
020 _a9789382730057
_c995.00
035 _aEN-93317
035 _aB-537207-211
035 _aB-667694
037 _bDBAD/PUB
037 _bK.K.Pub/Ven
_adpl
082 _a025.00285
100 _aRoybole, Sanjay D.
245 0 0 _aComputer and library services /
_cby Sanjay D. Roybole
260 _aKanpur
_bGarima Prakashan
_c2013
270 _a1st floor, Mayur Park, Basant Vihar Naubasta
_bKanpur
_e208021
300 _a304p.
_c22cm(Hb)
500 _aIncludes bibliographical references and index
942 _2ddc
_cEN
_mROY
_h025.00285
999 _c83717
_d83717